000
00198nam a22000857a 4500
001
1235755
005
20250930162357.0
245
_a
DELİDOLU ARKADAŞIM
_c
DANIEL PENNAC
260
_b
GÜNIŞIĞI YAYINLARI
999
_c
1235755
_d
1235755